000 00472nam a2200181Ia 4500
005 20250326123754.0
008 250326s9999 xx 000 0 und d
037 _aTextbook
040 _aFMSL
_beng
_cFMSL
041 _aeng
_2eng
084 _aS K3
_qFMSL
100 _aSwartz P
_9736065
245 0 _aPsychology: study of behavior
_cSwartz P
260 _aNY
_bNY, D Van Nostrand
_c1963
300 _a451p
942 _cTB
_hS K3
999 _c1270900
_d1270900